000 00318nam a2200121Ia 4500
008 220204s9999 xx 000 0 und d
020 _a195654455
082 _a91(540.23)
_bSIN
100 _aSingh, B P
245 4 _aThe Millennium book on New Delhi
260 _aNew Delhi
_bOxford University Press
_c2001
942 _cBK
999 _c41913
_d41913